书目信息 |
| 题名: |
神奇的情感力量
|
|
| 作者: | 宾斯托克 , 弗罗姆 , 加恩 著 ;陈大鹏 , 宣晓丽 , 杨爱红 编译 | |
| 分册: | ||
| 出版信息: | 深圳 海天出版社 1999 |
|
| 页数: | 476页 | |
| 开本: | 20cm | |
| 丛书名: | 羊皮卷全书 | |
| 单 册: | ||
| 中图分类: | C913.1 , B842.6 | |
| 科图分类: | ||
| 主题词: | 爱情--通俗读物 , 爱情 , 心理过程 , 心理状态 | |
| 电子资源: | ||
| ISBN: | 7-80654-014-8 | |
| 000 | 01218nam2 2200385 450 | |
| 001 | 1241165680 | |
| 005 | 20120929112810.04 | |
| 010 | @a7-80654-014-8@dCNY23.00 | |
| 100 | @a20021005d1999 em y0chiy0110 ea | |
| 101 | 1 | @achi@ceng |
| 102 | @aCN@b440000 | |
| 105 | @ay z 000yy | |
| 106 | @ar | |
| 200 | 1 | @a神奇的情感力量@Ashen qi de qing gan li liang@f(美)罗伊·加恩著@g陈大鹏编译 |
| 210 | @a深圳@c海天出版社@d1999 | |
| 215 | @a476页@d20cm | |
| 225 | 2 | @a羊皮卷全书@i月光石卷 |
| 327 | 1 | @a信仰的力量/(美)路易士·宾斯托克著;杨爱红编译@a爱的能力/(美)艾伦·弗罗姆著;宣晓丽编译 |
| 410 | 0 | @12001 @a羊皮卷全书 |
| 517 | 1 | @a爱的能力@Aai de neng li |
| 517 | 1 | @a信仰的力量@Axin yang de li liang |
| 606 | 0 | @a爱情@x通俗读物 |
| 606 | 0 | @a爱情 |
| 606 | 0 | @a心理过程 |
| 606 | 0 | @a心理状态 |
| 690 | @aC913.1@v3 | |
| 690 | @aB842.6@v4 | |
| 701 | 1 | @a宾斯托克@Abin si tuo ke@b路易士@4著 |
| 701 | 1 | @a弗罗姆@Afu luo mu@b艾伦@4著 |
| 701 | 1 | @c(美)@a加恩@c(Garn, Roy)@Ajia en@4著 |
| 702 | 0 | @a陈大鹏@Achen da peng@4编译 |
| 702 | 0 | @a宣晓丽@Axuan xiao li@4编译 |
| 702 | 0 | @a杨爱红@Ayang ai hong@4编译 |
| 801 | 0 | @aCN@bNLC@c19990924 |
| 905 | @a10447@dB842.6@eJY153 | |
| 神奇的情感力量/(美)罗伊·加恩著/陈大鹏编译 .-深圳:海天出版社,1999 |
| 476页;20cm .-(羊皮卷全书.月光石卷 ) |
| 部分内容:信仰的力量/(美)路易士·宾斯托克著;杨爱红编译;爱的能力/(美)艾伦·弗罗姆著;宣晓丽编译 |
| ISBN 7-80654-014-8:CNY23.00 |
| ● |
| 相关链接 |
|
|
|
|
正题名:神奇的情感力量
索取号:B842.6/JY153
 
预约/预借
| 序号 | 登录号 | 条形码 | 馆藏地/架位号 | 状态 | 备注 |
| 1 | 7830461 | 278304611 | 学院路分馆/ [索取号:B842.6/JY153] | 在馆 | |
| 2 | 7830462 | 278304620 | 学院路分馆/ [索取号:B842.6/JY153] | 在馆 | |
| 3 | 7830463 | 278304639 | 学院路分馆/ [索取号:B842.6/JY153] | 在馆 |